Statistics for Countries with gay adoption

Click here to take the quiz!

General Stats

  • This quiz has been taken 369 times
    (216 since last reset)
  • The average score is 16 of 22

Answer Stats

YearAnswer% Correct
2013United Kingdom
96%
2002Sweden
91%
2005Spain
90%
2013France
89%
2009Norway
89%
1999Canada
88%
2001Netherlands
88%
2010Denmark
87%
2006Belgium
83%
2016Portugal
83%
2016Austria
78%
2006Iceland
77%
2015Ireland
76%
2013New Zealand
74%
2010Brazil
69%
2010Argentina
68%
2015Luxembourg
66%
2002South Africa
57%
2009Uruguay
54%
2014Malta
42%
2014Andorra
32%
2008Israel
30%

Score Distribution

Percentile by Number Answered

Percent of People with Each Score

Your Score History

You have not taken this quiz since the last reset